| 000 | 01004nam a22002177a 4500 | ||
|---|---|---|---|
| 999 |
_c4171 _d4171 |
||
| 003 | AR-CdUCM | ||
| 008 | 190308b ||||| |||| 00| 0 spa d | ||
| 040 |
_aMUNICIPALIDAD PROVINCIAL DEL CUSCO _cBIBLIOTECA MUNICIPAL DEL CUSCO |
||
| 082 |
_a711.61 / _bV92 |
||
| 100 |
_aVries, Japp de _913213 |
||
| 245 |
_aPlanificación urbana y participación popular : _bel caso del Cusco / |
||
| 260 |
_aCusco : _bInstituto de Investigación UNSAAC, _c1991. |
||
| 300 |
_a156 páginas ; _bFotografías, cuadros. _c21 cm. |
||
| 500 | _aAnexos: A-1 al C-10 | ||
| 505 | _aContenido: La problemática urbana en los paises en desarrollo -- Planificación urbana y participación popular en los países en desarrollo: un marco teórico -- La problemática urbana en el Perú -- La problemática urbana en el Cusco -- La planificación urbana en el Cusco ... | ||
| 650 |
_aDesarrollo vecinal _913214 |
||
| 650 |
_aDesarrollo local _913215 |
||
| 650 |
_aProblemática urbana _913216 |
||
| 942 |
_2ddc _cLIBROS |
||
| 945 | _aafb | ||